| 000 | 00931nam a22003137a 4500 | ||
|---|---|---|---|
| 001 | BR8503741 | ||
| 003 | BR-BrBNA | ||
| 005 | 20230928092214.0 | ||
| 007 | ta | ||
| 008 | 230509b bl.||||| |||| 00| 0 por d | ||
| 040 |
_aBR-BrBNA _bpor _cBiblioteca Nacional de Agricultura |
||
| 041 | _a(Por) | ||
| 072 |
_aE71 _b8915 |
||
| 090 | _ 8915 BR8503741 | ||
| 100 | 1 | _aSantos, A.C.T. dos | |
| 100 | 1 | _aCosta, C.R. da | |
| 110 | 1 |
_aInstituto Brasileiro de Desenvolvimento Florestal, Brasilia, DF (Brasil). Depto. de Industrializacao e Comercializacao _95732 |
|
| 245 | 1 | _aAnalise da balanca comercial de produtos florestais | |
| 260 | 3 |
_aBrasilia, DF (Brasil): _c1985. |
|
| 300 | _a57 p. | ||
| 500 | _a22 tables; 8 graphs | ||
| 650 | _aPRODUTO FLORESTAL | ||
| 650 | _aMADEIRA | ||
| 650 | _aEXPORTACAO | ||
| 650 | _aIMPORTACAO | ||
| 650 | _aMERCADO INTERNACIONAL | ||
| 909 |
_a202309 _bLucia _c55 _dLucia Elande |
||
| 942 | _cBK | ||
| 999 |
_c37678 _d37678 |
||